<?xml version="1.0" encoding="UTF-8"?>
<record
    xmlns:xsi="http://www.w3.org/2001/XMLSchema-instance"
    xsi:schemaLocation="http://www.loc.gov/MARC21/slim http://www.loc.gov/standards/marcxml/schema/MARC21slim.xsd"
    xmlns="http://www.loc.gov/MARC21/slim">

  <leader>01475nam a2200433Ia 4500</leader>
  <controlfield tag="001">012604</controlfield>
  <controlfield tag="008">221003s1995    xx            000 0 spa d</controlfield>
  <datafield tag="020" ind1=" " ind2=" ">
    <subfield code="a">84-7799-108-1</subfield>
  </datafield>
  <datafield tag="035" ind1=" " ind2=" ">
    <subfield code="a">CENDO_8312</subfield>
  </datafield>
  <datafield tag="041" ind1=" " ind2=" ">
    <subfield code="a">spa</subfield>
  </datafield>
  <datafield tag="084" ind1=" " ind2=" ">
    <subfield code="a">CD-01304</subfield>
  </datafield>
  <datafield tag="110" ind1=" " ind2=" ">
    <subfield code="a">CONFERENCIA PREPARATORIA DE LA IV CONFERENCIA MUNDIAL SOBRE LAS MUJERES</subfield>
    <subfield code="c">Toledo</subfield>
    <subfield code="d">1994</subfield>
    <subfield code="9">8268</subfield>
  </datafield>
  <datafield tag="245" ind1=" " ind2="0">
    <subfield code="a">Conferencia de la UE preparatoria de la IV Conferencia Mundial sobre las Mujeres</subfield>
  </datafield>
  <datafield tag="260" ind1=" " ind2=" ">
    <subfield code="a">Madrid :</subfield>
    <subfield code="b">Instituto de la Mujer,</subfield>
    <subfield code="c">D.L.1994</subfield>
  </datafield>
  <datafield tag="300" ind1=" " ind2=" ">
    <subfield code="a">253 p.  ;</subfield>
    <subfield code="c"> 30 cm</subfield>
  </datafield>
  <datafield tag="490" ind1=" " ind2=" ">
    <subfield code="a">Debate ;</subfield>
    <subfield code="v">17</subfield>
  </datafield>
  <datafield tag="650" ind1=" " ind2=" ">
    <subfield code="a">MUJERES</subfield>
    <subfield code="9">199</subfield>
  </datafield>
  <datafield tag="650" ind1=" " ind2=" ">
    <subfield code="a">PARTICIPACION POLITICA</subfield>
    <subfield code="9">423</subfield>
  </datafield>
  <datafield tag="650" ind1=" " ind2="0">
    <subfield code="a">IGUALDAD DE OPORTUNIDADES</subfield>
    <subfield code="9">590</subfield>
  </datafield>
  <datafield tag="650" ind1=" " ind2="0">
    <subfield code="a">IGUALDAD DE OPORTUNIDADES EN EL EMPLEO</subfield>
    <subfield code="9">1834</subfield>
  </datafield>
  <datafield tag="650" ind1=" " ind2=" ">
    <subfield code="a">TOMA DE DECISIONES</subfield>
    <subfield code="9">7814</subfield>
  </datafield>
  <datafield tag="650" ind1=" " ind2=" ">
    <subfield code="a">IGUALDAD DE TRATO</subfield>
    <subfield code="9">1580</subfield>
  </datafield>
  <datafield tag="650" ind1=" " ind2=" ">
    <subfield code="a">ECONOMIA</subfield>
    <subfield code="9">100</subfield>
  </datafield>
  <datafield tag="650" ind1=" " ind2=" ">
    <subfield code="a">CONFERENCIA</subfield>
    <subfield code="9">311</subfield>
  </datafield>
  <datafield tag="650" ind1=" " ind2=" ">
    <subfield code="a">CE</subfield>
    <subfield code="9">8</subfield>
  </datafield>
  <datafield tag="650" ind1=" " ind2="0">
    <subfield code="a">MEDIOS DE COMUNICACION DE MASAS</subfield>
    <subfield code="9">29246</subfield>
  </datafield>
  <datafield tag="710" ind1=" " ind2=" ">
    <subfield code="a">INSTITUTO DE LA MUJER</subfield>
    <subfield code="c">Espa&#xF1;a,</subfield>
    <subfield code="e">ed.</subfield>
    <subfield code="9">2132</subfield>
  </datafield>
  <datafield tag="710" ind1=" " ind2=" ">
    <subfield code="a">COMUNIDADES EUROPEAS</subfield>
    <subfield code="b">Direcci&#xF3;n General de Empleo y Asuntos Sociales</subfield>
    <subfield code="9">1764</subfield>
  </datafield>
  <datafield tag="710" ind1=" " ind2=" ">
    <subfield code="a">CASTILLA-LA MANCHA</subfield>
    <subfield code="b">Junta</subfield>
    <subfield code="9">4120</subfield>
  </datafield>
  <datafield tag="710" ind1=" " ind2=" ">
    <subfield code="a">UGT</subfield>
    <subfield code="b">Departamento Confederal de la Mujer</subfield>
    <subfield code="9">8052</subfield>
  </datafield>
  <datafield tag="711" ind1=" " ind2=" ">
    <subfield code="a">CONFERENCIA MUNDIAL SOBRE LAS MUJERES</subfield>
    <subfield code="d">(1995 :</subfield>
    <subfield code="c">Beijing</subfield>
    <subfield code="n">4&#xAA;)</subfield>
    <subfield code="9">8269</subfield>
  </datafield>
  <datafield tag="901" ind1=" " ind2=" ">
    <subfield code="a">3</subfield>
  </datafield>
  <datafield tag="903" ind1=" " ind2=" ">
    <subfield code="a">NO</subfield>
  </datafield>
  <datafield tag="904" ind1=" " ind2=" ">
    <subfield code="a">000</subfield>
  </datafield>
  <datafield tag="953" ind1=" " ind2=" ">
    <subfield code="d">2000-11-22</subfield>
    <subfield code="y">MONOGRAFIA</subfield>
    <subfield code="o">CD-01304</subfield>
  </datafield>
  <datafield tag="999" ind1=" " ind2=" ">
    <subfield code="c">8311</subfield>
    <subfield code="d">8311</subfield>
  </datafield>
  <datafield tag="910" ind1=" " ind2=" ">
    <subfield code="a">1995</subfield>
  </datafield>
  <datafield tag="942" ind1=" " ind2=" ">
    <subfield code="c">MONOGRAFIA</subfield>
  </datafield>
  <datafield tag="952" ind1=" " ind2=" ">
    <subfield code="0">0</subfield>
    <subfield code="1">0</subfield>
    <subfield code="4">0</subfield>
    <subfield code="7">0</subfield>
    <subfield code="a">CENDO</subfield>
    <subfield code="b">CENDO</subfield>
    <subfield code="d">2000-11-22</subfield>
    <subfield code="l">0</subfield>
    <subfield code="o">CD-01304</subfield>
    <subfield code="p">CENDO_8312</subfield>
    <subfield code="r">2022-10-05 00:00:00</subfield>
    <subfield code="w">2022-10-05</subfield>
    <subfield code="y">MONOGRAFIA</subfield>
  </datafield>
</record>
